| 000 | 00627nam a22002057a 4500 | ||
|---|---|---|---|
| 003 | OSt | ||
| 005 | 20251030082611.0 | ||
| 008 | 251030b |||||||| |||| 00| 0 eng d | ||
| 020 | _a0-07-845448-4. | ||
| 040 |
_aDWCL-Main lib _cOC |
||
| 082 |
_25th ed. _aCirc. 004 N887p 2003 |
||
| 100 | _aPeter Norton | ||
| 245 |
_aPeter Norton's computing fundamentals _cPeter Norton |
||
| 260 |
_aN. Y. : _bGlencoe/McGraw-Hill, _cc2003. |
||
| 300 |
_axxvi, 502 pages : _bcolored illustration ; _c28 cm. |
||
| 504 | _aIncludes index. | ||
| 650 | _21. Computer software. | ||
| 650 | _22. Computer. | ||
| 942 |
_2ddc _cBK-CIRC _e5th ed. _kCirc. _n0 |
||
| 999 |
_c5369 _d5369 |
||